Inequality and instability : (Record no. 18942)
[ view plain ]
| 000 -LEADER | |
|---|---|
| fixed length control field | 01759cam a22003254a 4500 |
| 001 - CONTROL NUMBER | |
| control field | 16850610 |
| 005 - DATE AND TIME OF LATEST TRANSACTION | |
| control field | 20150126141050.0 |
| 008 - FIXED-LENGTH DATA ELEMENTS--GENERAL INFORMATION | |
| fixed length control field | 110630t2012 xxkad frb f001 0 eng d |
| 020 ## - INTERNATIONAL STANDARD BOOK NUMBER | |
| International Standard Book Number | 9780199855650 |
| 020 ## - INTERNATIONAL STANDARD BOOK NUMBER | |
| International Standard Book Number | 019985565X |
| 040 ## - CATALOGING SOURCE | |
| Original cataloging agency | DLC |
| Transcribing agency | DLC |
| Modifying agency | BTCTA |
| -- | BDX |
| -- | UKMGB |
| -- | DEBBG |
| -- | YDXCP |
| -- | AFQ |
| -- | VP@ |
| -- | CDX |
| -- | BWX |
| -- | DLC |
| -- | EG-ScBUE |
| 082 00 - DEWEY DECIMAL CLASSIFICATION NUMBER | |
| Classification number | 339.2 |
| Edition number | 22 |
| Item number | GAL |
| 100 1# - MAIN ENTRY--PERSONAL NAME | |
| Personal name | Galbraith, James K. |
| 9 (RLIN) | 37344 |
| 245 10 - TITLE STATEMENT | |
| Title | Inequality and instability : |
| Remainder of title | a study of the world economy just before the Great Crisis / |
| Statement of responsibility, etc | James K. Galbraith. |
| 250 ## - EDITION STATEMENT | |
| Edition statement | 1st ed. |
| 260 ## - PUBLICATION, DISTRIBUTION, ETC. (IMPRINT) | |
| Place of publication, distribution, etc | Oxford, United Kingdom ; |
| -- | New York, United States : |
| Name of publisher, distributor, etc | Oxford University Press, |
| Date of publication, distribution, etc | c.2012. |
| 300 ## - PHYSICAL DESCRIPTION | |
| Extent | xiv, 324 p. : |
| Other physical details | charts, tables ; |
| Dimensions | 25 cm. |
| 500 ## - GENERAL NOTE | |
| General note | Index : p. 309-324. |
| 504 ## - BIBLIOGRAPHY, ETC. NOTE | |
| Bibliography, etc | Bibliography : p. 295-307. |
| 505 0# - FORMATTED CONTENTS NOTE | |
| Formatted contents note | The physics and ethics of inequality-The need for new inequality measures-Pay inequality and world development-Estimating the inequality of household incomes-Economic inequality and political regimes-The geography of inequality in America, 1969 to 2007-State-level income inequality and American elections-Inequality and unemployment in Europe : a question of levels-European wages and the flexibility thesis-Globalization and inequality in China-Finance and power in Argentina and Brazil-Inequality in Cuba after the Soviet collapse-Economic inequality and the world crisis. |
| 650 #0 - SUBJECT ADDED ENTRY--TOPICAL TERM | |
| Topical term or geographic name as entry element | Income distribution |
| 9 (RLIN) | 32772 |
| 650 #0 - SUBJECT ADDED ENTRY--TOPICAL TERM | |
| Topical term or geographic name as entry element | Economic policy |
| 9 (RLIN) | 3322 |
| 650 #0 - SUBJECT ADDED ENTRY--TOPICAL TERM | |
| Topical term or geographic name as entry element | Globalization |
| General subdivision | Social aspects |
| 9 (RLIN) | 27200 |
| 650 #0 - SUBJECT ADDED ENTRY--TOPICAL TERM | |
| Topical term or geographic name as entry element | Power (Social sciences) |
| 9 (RLIN) | 11065 |
| 650 #0 - SUBJECT ADDED ENTRY--TOPICAL TERM | |
| Topical term or geographic name as entry element | Economic development |
| General subdivision | Research |
| 9 (RLIN) | 37345 |
| 650 #0 - SUBJECT ADDED ENTRY--TOPICAL TERM | |
| Topical term or geographic name as entry element | Global Financial Crisis, 2008-2009 |
| 9 (RLIN) | 12473 |
| 653 ## - INDEX TERM--UNCONTROLLED | |
| Resource For college | BAEPS, Economics |
| Arrived date list | January2015 |
| 655 ## - INDEX TERM--GENRE/FORM | |
| Form subdivision | |
| -- | 34232 |
| 942 ## - ADDED ENTRY ELEMENTS (KOHA) | |
| Source of classification or shelving scheme | Dewey Decimal Classification |
| Call number prefix | 339.2 GAL |
| Withdrawn status | Item status | Source of classification or shelving scheme | Damaged status | Not for loan | Vendor | Home library | Current library | Shelving location | Date acquired | Source of acquisition | Cost, normal purchase price | Serial Enumeration / chronology | Total Checkouts | Total Renewals | Full call number | Barcode | Date last seen | Date last borrowed | Cost, replacement price | Koha item type |
|---|---|---|---|---|---|---|---|---|---|---|---|---|---|---|---|---|---|---|---|---|
| Dewey Decimal Classification | Baccah | Central Library | Central Library | First floor | 26/01/2015 | 178.00 | 21291 | 3 | 4 | 339.2 GAL | 000037367 | 15/07/2025 | 17/10/2022 | 223.00 | Book - Borrowing |